| 000 | 01049nam a22002537a 4500 | ||
|---|---|---|---|
| 005 | 20170124102949.0 | ||
| 010 | _aB-032380 | ||
| 020 | _c110.00 | ||
| 035 | _aB-032380 | ||
| 037 | _bCen Lib/Ret | ||
| 040 |
_aDPL _bHN |
||
| 082 |
_a821 _bभुवानि |
||
| 100 |
_aभुवानिया, मोती _97808 |
||
| 245 |
_aजहानाबाद का विलाप / _cमोती भुवानिया |
||
| 246 |
_aJahanabad ka vilaap / _bby Moti Bhuwaniya |
||
| 260 |
_aनई दिल्ली _bजगतराम एंड संस _c2001 |
||
| 270 |
_bनई दिल्ली _a24/4855, अंसारी रोड, दरियागंज _e110002 |
||
| 300 |
_a99पृ. _c21सेमी(सजिल्द) |
||
| 650 |
_aहिंदी साहित्य _951040 |
||
| 650 |
_aहिंदी साहित्य -- कविता _951041 |
||
| 650 |
_aHindi literature _951042 |
||
| 650 |
_aHindi literature -- Poetry _951043 |
||
| 942 |
_2ddc _cHN _h821 _mभुवानि |
||
| 999 |
_c113189 _d113189 |
||